Iterované dialógy v prírode, vo vedomí subjektu a vo virtuálnej realite
Salvato in:
| Autore principale: | |
|---|---|
| Natura: | Capitolo di libro |
| Lingua: | slovacco |
| Tags: |
Nessun Tag, puoi essere il primo ad aggiungerne!!
|
MARC
| LEADER | 00000naa$a2200000$$$4500 | ||
|---|---|---|---|
| 001 | 0175412 | ||
| 005 | 20240502083417.0 | ||
| 041 | 0 | |a slo | |
| 044 | |a CZ | ||
| 245 | 1 | 0 | |a Iterované dialógy v prírode, vo vedomí subjektu a vo virtuálnej realite |c Ladislav Andrášik |
| 100 | 1 | |a Andrášik, Ladislav | |